<?xml version="1.0" encoding="UTF-8"?>
<record
    xmlns:xsi="http://www.w3.org/2001/XMLSchema-instance"
    xsi:schemaLocation="http://www.loc.gov/MARC21/slim http://www.loc.gov/standards/marcxml/schema/MARC21slim.xsd"
    xmlns="http://www.loc.gov/MARC21/slim">

  <leader>01308nam a2200205 a 4500</leader>
  <controlfield tag="008">161215t2004    ag  |||g |||| 00| 1 spa d</controlfield>
  <datafield tag="020" ind1=" " ind2=" ">
    <subfield code="a">9500301245</subfield>
  </datafield>
  <datafield tag="041" ind1=" " ind2=" ">
    <subfield code="a">spa</subfield>
  </datafield>
  <datafield tag="092" ind1=" " ind2=" ">
    <subfield code="c">808</subfield>
    <subfield code="l">10</subfield>
    <subfield code="s">CAS</subfield>
  </datafield>
  <datafield tag="100" ind1="1" ind2=" ">
    <subfield code="a">Casona, Alejandro</subfield>
    <subfield code="9">3267</subfield>
  </datafield>
  <datafield tag="245" ind1="4" ind2=" ">
    <subfield code="a">Los &#xE1;rboles mueren de pie.</subfield>
    <subfield code="b">Comedia en tres actos /</subfield>
    <subfield code="c">Alejandro Casona</subfield>
  </datafield>
  <datafield tag="250" ind1=" " ind2=" ">
    <subfield code="a">38a ed.</subfield>
    <subfield code="b">Pr&#xF3;logo y notas Stella Maris H. Miravalles</subfield>
  </datafield>
  <datafield tag="260" ind1=" " ind2=" ">
    <subfield code="a">Buenos Aires:</subfield>
    <subfield code="b">Losada;</subfield>
    <subfield code="c">2004.</subfield>
  </datafield>
  <datafield tag="300" ind1=" " ind2=" ">
    <subfield code="a">151 p.</subfield>
  </datafield>
  <datafield tag="500" ind1=" " ind2=" ">
    <subfield code="a">Casona, A. (2004). Los &#xE1;rboles mueren de pie. Comedia en tres actos. (38a ed.). Buenos Aires : Losada. </subfield>
  </datafield>
  <datafield tag="505" ind1=" " ind2=" ">
    <subfield code="a">Esta obra est&#xE1; vinculada, por sus escenas iniciales, con otra anterior: Prohibido suicidarse en primavera, ya que ambas se relacionan con una instituci&#xF3;n de caridad -de caracter&#xED;sticas muy peculiares- fundada por el doctor Ariel, "que pretende llegar a la caridad, por medio de la poes&#xED;a". El t&#xED;tulo adelanta como tem&#xE1;tica central, el poder de la voluntad movida por fines altruistas, capaz del disimulo a&#xFA;n en circunstancias en que un dolor muy grande nos haga morir por dentro. Al final del drama es la misma abuela Eugenia, destacada como protagonista, quien se encarga de aclararlo.</subfield>
  </datafield>
  <datafield tag="590" ind1=" " ind2=" ">
    <subfield code="a">Proyecto 4to libro. Donaci&#xF3;n Adriana Navarro. Febrero 2019</subfield>
  </datafield>
  <datafield tag="655" ind1=" " ind2=" ">
    <subfield code="a">Teatro</subfield>
    <subfield code="9">3268</subfield>
  </datafield>
  <datafield tag="942" ind1=" " ind2=" ">
    <subfield code="2">ddc</subfield>
    <subfield code="c">LIT</subfield>
  </datafield>
  <datafield tag="999" ind1=" " ind2=" ">
    <subfield code="c">2862</subfield>
    <subfield code="d">2862</subfield>
  </datafield>
  <datafield tag="952" ind1=" " ind2=" ">
    <subfield code="0">0</subfield>
    <subfield code="1">0</subfield>
    <subfield code="2">ddc</subfield>
    <subfield code="4">0</subfield>
    <subfield code="7">0</subfield>
    <subfield code="a">BFM</subfield>
    <subfield code="b">BFM</subfield>
    <subfield code="c">CR</subfield>
    <subfield code="d">2019-02-28</subfield>
    <subfield code="e">Proyecto 4to libro. Donaci&#xF3;n Adriana Navarro. Febrero 2019</subfield>
    <subfield code="l">0</subfield>
    <subfield code="o">808 10 CAS</subfield>
    <subfield code="p">4389</subfield>
    <subfield code="r">2019-02-28</subfield>
    <subfield code="t">Ej. 1</subfield>
    <subfield code="w">2019-02-28</subfield>
    <subfield code="y">LIT</subfield>
    <subfield code="z">Proyecto 4to libro. Donaci&#xF3;n Adriana Navarro. Febrero 2019</subfield>
  </datafield>
</record>
